Sadosky por Sadosky : vida y pensamiento del pionero de la computación argentina /

Guardado en:
Otros Autores: Carnota, Raúl. (Editor ), Borches, Carlos. (Editor ), Sadosky, Manuel, 1914-2005., Rozenberg, Laura. (Entrevistador)
Formato: Libro
Idioma:Spanish
Publicado: Buenos Aires : Fundación Sadosky, [2011]
Materias:
Etiquetas: Agregar Etiqueta
Sin Etiquetas, Sea el primero en etiquetar este registro!
LEADER 00926nam a22002055a 4500
001 MAT.inmabb006772
008 121220s2011####ag#a##########000#0dspa#d
005 20130415151316.0
245 0 0 |a Sadosky por Sadosky :  |b vida y pensamiento del pionero de la computación argentina /  |c Raúl Carnota, Carlos Borches (compiladores). 
260 |a Buenos Aires :  |b Fundación Sadosky,  |c [2011] 
300 |a 253 p. :  |b il. ;  |c 20 cm. 
500 |a Contenido: Conversaciones con Manuel Sadosky / por Laura Rozenberg -- Reflexiones sobre ciencia, tecnología, desarrollo y dependencia [selección de textos escritos por Manuel Sadosky] -- Anexo fotográfico. 
020 |a 9789872741600 
700 1 |a Carnota, Raúl.  |4 edt 
700 1 |a Borches, Carlos.  |4 edt 
700 1 |a Sadosky, Manuel,  |d 1914-2005. 
700 1 |a Rozenberg, Laura.  |4 ivr 
084 |a 68-03  |2 msc2000 
600 1 7 |a Sadosky, Manuel,  |d 1914-2005. 
859 |h 68  |i Sa126  |p A-8811  |b BIB. MATEMATICA